000 00733nam a2200241Ia 4500
003 OSt
005 20220924123042.0
006 a|||||r|||| 00| 0
007 ta
008 220923b |||||||| |||| 00| 0 tam d
024 _a45389
037 _cTextual
040 _aARTS
_cARTS
_btam
041 _2tam
_atam
082 _aO31v, 111J6;M8
100 _aVaiyapuri Pillai
_9191534
245 0 _aHistory of Tamil language and literature
_b From the beginning to 1000 A D ed by Karthigesu Sivathamby
260 _aMadras
_bNewcentury Book House
_c1956
300 _axii, 154p.
_ccm.
650 _aTAMIL LITERATURE
942 _hO31v, 111J6;M8
_cTEXL
_2CC
999 _c414133
_d414133